ALL Miley Cyrus Songs (INCLUDING Hannah Montana) - Statistics

General Stats
  • This quiz has been taken 1,802 times
    315 since last reset
  • The average score is 61 of 232
Answer Stats
Album Track # Answer % Correct
Endless Summer Vacation 5 You
84%
Endless Summer Vacation 1 Flowers
83%
Endless Summer Vacation 13 Flowers (Demo)
83%
Hannah Montana 1 The Best of Both Worlds
83%
Bangerz 6 Wrecking Ball
83%
Hannah Montana: The Movie 8 The Climb
81%
Can't Be Tamed 3 Can't Be Tamed
77%
Bangerz 10 FU (feat. French Montana)
73%
The Time of Our Lives 2 Party in the U.S.A.
71%
Younger Now 2 Malibu
69%
Plastic Hearts 2 Plastic Hearts
68%
Younger Now 1 Younger Now
68%
Bangerz 2 We Can't Stop
66%
Breakout 2 7 Things
63%
Breakout 1 Breakout
60%
Bangerz 3 SMS (Bangerz) (feat. Britney Spears)
59%
Hannah Montana 2 2 Nobody's Perfect
55%
Breakout 6 Fly On the Wall
54%
The Time of Our Lives 4 The Time of Our Lives
54%
SHE IS COMING 1 Mother's Daughter
53%
Something Beautiful 2 Something Beautiful
53%
Hannah Montana: The Movie 9 Butterfly Fly Away (with Billy Ray Cyrus)
52%
Hannah Montana 3 4 He Could Be the One
51%
Hannah Montana: The Movie 6 Hoedown Throwdown
51%
Hannah Montana: The Movie 1 You'll Always Find Your Way Back Home
51%
Bangerz 1 Adore You
50%
Plastic Hearts 4 Prisoner (feat. Dua Lipa)
50%
Meet Miley Cyrus 11 See You Again
50%
Plastic Hearts 3 Angels Like You
47%
Plastic Hearts 7 Midnight Sky
47%
Hannah Montana 2 4 Rockstar
46%
Hannah Montana 5 If We Were a Movie
45%
Features/Collaborations - 23 (with Mike Will Made It, Wiz Khalifa & Juicy J)
43%
Hannah Montana 3 11 Let's Get Crazy
43%
Hannah Montana: The Movie 2 Let's Get Crazy
43%
Hannah Montana Forever 3 Ordinary Girl
43%
Endless Summer Vacation 2 Jaded
42%
The Time of Our Lives 3 When I Look At You
41%
SHE IS COMING 3 D.R.E.A.M. (feat. Ghostface Killah)
40%
Singles/Other - Used To Be Young
40%
Hannah Montana 6 I Got Nerve
39%
Features/Collaborations - Nothing Breaks Like a Heart (with Mark Ronson)
39%
Hannah Montana 2 10 True Friend
39%
Hannah Montana 3 9 Ice Cream Freeze (Let's Chill)
38%
Something Beautiful 3 End of the World
37%
Hannah Montana 8 This is the Life
37%
Hannah Montana 2 Who Said
37%
Hannah Montana: The Movie 7 Dream
36%
Meet Miley Cyrus 14 G.N.O. (Girl's Night Out)
36%
Meet Miley Cyrus 20 I Miss You
36%
Hannah Montana 2 5 Old Blue Jeans
36%
Endless Summer Vacation 7 River
36%
Hannah Montana 2 1 We Got the Party
36%
Can't Be Tamed 2 Who Owns My Heart
36%
Plastic Hearts 14 Heart Of Glass (Live from the iHeart Festival)
35%
Hannah Montana 4 Pumpin' Up the Party
35%
SHE IS COMING 7 Slide Away
34%
Hannah Montana 7 The Other Side of Me
34%
Meet Miley Cyrus 17 Start All Over
33%
Bangerz 4 4X4 (feat. Nelly)
32%
Hannah Montana Forever 1 Gonna Get This (feat. Iyaz)
32%
Hannah Montana Forever 5 I'll Always Remember You
32%
Hannah Montana 2 7 One in a Million
32%
Hannah Montana 3 7 Supergirl
32%
Hannah Montana 3 Just Like You
31%
Breakout 4 Girls Just Wanna Have Fun
30%
Hannah Montana Forever 12 Wherever I Go
30%
Plastic Hearts 1 WTF Do I Know
30%
Miley Cyrus & Her Dead Petz 1 Dooo It!
29%
Meet Miley Cyrus 12 East Northumberland High
28%
Plastic Hearts 12 Golden G String
28%
Hannah Montana 2 6 Life's What You Make It
28%
Plastic Hearts 6 Night Crawling (feat. Billy Idol)
28%
Bangerz 9 Drive
27%
Can't Be Tamed 4 Every Rose Has Its Thorn
27%
Hannah Montana 3 12 I Wanna Know You
27%
Hannah Montana 3 6 I Wanna Know You (feat. David Archuleta)
27%
Hannah Montana Forever 2 Que Sera
27%
Endless Summer Vacation 3 Rose Colored Lenses
27%
Can't Be Tamed 8 Stay
27%
Miley Cyrus & Her Dead Petz 7 BB Talk
26%
Plastic Hearts 8 High
26%
Can't Be Tamed 1 Liberty Walk
26%
Plastic Hearts 15 Zombie (Live from the NIVA Save Our Stages Festival)
26%
SHE IS COMING 4 Cattitude (feat. RuPaul)
25%
Features/Collaborations - Don't Call Me Angel (with Ariana Grande & Lana Del Rey)
25%
Plastic Hearts 13 Edge of Midnight (Midnight Sky Remix) [feat. Stevie Nicks]
25%
Can't Be Tamed 11 Robot
25%
Breakout 7 Bottom of the Ocean
24%
Endless Summer Vacation 11 Island
24%
Meet Miley Cyrus 13 Let's Dance
24%
Hannah Montana 2 3 Make Some Noise
24%
SHE IS COMING 2 Unholy
24%
Something Beautiful 9 Walk of Fame
24%
Plastic Hearts 10 Bad Karma (feat. Joan Jett)
23%
Hannah Montana Forever 11 Barefoot Cinderella
23%
Hannah Montana: The Movie 5 Don't Walk Away
23%
Breakout 11 Goodbye
23%
The Time of Our Lives 1 Kicking and Screaming
23%
Plastic Hearts 11 Never Be Me
23%
Younger Now 3 Rainbowland (feat. Dolly Parton)
23%
Endless Summer Vacation 8 Violet Chemistry
23%
Breakout 8 Wake Up America
23%
Endless Summer Vacation 12 Wonder Woman
23%
The Time of Our Lives 7 Before the Storm (feat. The Jonas Brothers)
22%
Features/Collaborations - Doctor (Work It Out) (with Pharrell Williams)
22%
Something Beautiful 6 Easy Lover
22%
Hannah Montana 3 2 Let's Do This
22%
Hannah Montana: The Movie 14 Let's Do This
22%
Can't Be Tamed 7 Permanent December
22%
Features/Collaborations - Send It On (with the Jonas Brothers, Selena Gomez & Demi Lovato)
22%
Features/Collaborations - Stand (with Billy Ray Cyrus)
22%
Plastic Hearts 5 Gimme What I Want
21%
Miley Cyrus & Her Dead Petz 2 Karen Don't Be Sad
21%
Bangerz 7 Love Money Party (feat. Big Sean)
21%
The Time of Our Lives 6 Obsessed
21%
SHE IS COMING 6 The Most
21%
Features/Collaborations - Without You (with The Kid LAROI)
21%
Hannah Montana 2 8 Bigger Than Us
20%
Meet Miley Cyrus 18 Clear
20%
Bangerz 11 Do My Thang
20%
Breakout 5 Full Circle
20%
Plastic Hearts 9 Hate Me
20%
Younger Now 11 Inspired
20%
Something Beautiful 4 More to Lose
20%
Endless Summer Vacation 9 Muddy Feet (feat. Sia)
20%
Something Beautiful 1 Prelude
20%
Can't Be Tamed 9 Scars
20%
Younger Now 10 She's Not Him
20%
Bangerz 13 Someone Else
20%
Miley Cyrus & Her Dead Petz 5 Space Bootz
20%
Breakout 3 The Driveway
20%
Breakout 9 These Four Walls
20%
Endless Summer Vacation 4 Thousand Miles (feat. Brandi Carlile)
20%
Younger Now 8 Bad Mood
19%
Something Beautiful 11 Every Girl You've Ever Loved
19%
Something Beautiful 8 Golden Burning Sun
19%
Meet Miley Cyrus 19 Good And Broken
19%
Bangerz 16 Hands in the Air (feat. Ludacris)
19%
Endless Summer Vacation 6 Handstand
19%
Hannah Montana 3 1 It's All Right Here
19%
Miley Cyrus & Her Dead Petz 10 Milky Milky Milk
19%
Can't Be Tamed 12 My Heart Beats for Love
19%
Miley Cyrus & Her Dead Petz 22 Pablow the Blowfish
19%
Breakout 10 Simple Song
19%
Hannah Montana 3 8 Every Part of Me
18%
Features/Collaborations - II MOST WANTED (with Beyoncé)
18%
Hannah Montana Forever 9 I'm Still Good
18%
Something Beautiful 5 Interlude 1
18%
Bangerz 12 Maybe You're Right
18%
Something Beautiful 12 Reborn
18%
Hannah Montana Forever 7 Are You Ready
17%
Meet Miley Cyrus 16 As I Am
17%
Miley Cyrus & Her Dead Petz 6 F*****g F****d Up
17%
Bangerz 8 #GETITRIGHT
17%
Something Beautiful 7 Interlude 2
17%
Hannah Montana 3 3 Mixed Up
17%
Bangerz 15 On My Own
17%
SHE IS COMING 5 Party Up the Street (feat. Swae Lee & Mike WILL Made-It)
17%
Meet Miley Cyrus 15 Right Here
17%
Bangerz 14 Rooting for My Baby
17%
The Time of Our Lives 5 Talk is Cheap
17%
Miley Cyrus & Her Dead Petz 3 The Floyd Song (Sunrise)
17%
Younger Now 7 Thinkin'
17%
Can't Be Tamed 5 Two More Lonely People
17%
Younger Now 4 Week Without You
17%
Endless Summer Vacation 10 Wildcard
17%
Hannah Montana 2 9 You And Me Together
17%
Features/Collaborations - Feelin' Myself (with will.i.am, French Montana, Wiz Khalifa & DJ Mustard)
16%
Hannah Montana 13 I Learned from You (feat. Billy Ray Cyrus)
16%
Hannah Montana 3 5 Just a Girl
16%
Bangerz 5 My Darlin' (feat. Future)
16%
Miley Cyrus & Her Dead Petz 4 Something About Space Dude
16%
Can't Be Tamed 10 Take Me Along
16%
Hannah Montana Forever 10 Been Here All Along
15%
Can't Be Tamed 6 Forgiveness and Love
15%
Something Beautiful 13 Give Me Love
15%
Miley Cyrus & Her Dead Petz 13 I Forgive Yiew
15%
Younger Now 6 I Would Die for You
15%
Hannah Montana Forever 4 Kiss It Goodbye
15%
Something Beautiful 10 Pretend You're God
15%
Hannah Montana: The Movie 3 The Good Life
15%
Miley Cyrus & Her Dead Petz 20 1 Sun
14%
Hannah Montana Forever 8 Love That Lets Go (feat. Billy Ray Cyrus)
14%
Miley Cyrus & Her Dead Petz 21 Miley Tibetan Bowlzzz
14%
Younger Now 5 Miss You so Much
14%
Features/Collaborations - Ready, Set, Don't Go (with Billy Ray Cyrus)
14%
Hannah Montana: The Movie 15 Spotlight
14%
Miley Cyrus & Her Dead Petz 23 Twinkle Song
14%
Miley Cyrus & Her Dead Petz 9 Bang Me Box
13%
Miley Cyrus & Her Dead Petz 14 I Get So Scared
13%
Miley Cyrus & Her Dead Petz 15 Lighter
13%
Hannah Montana Forever 6 Need a Little Love (feat. Sheryl Crow)
13%
Singles/Other - On A Roll
13%
Miley Cyrus & Her Dead Petz 16 Tangerine (feat. Big Sean)
13%
Miley Cyrus & Her Dead Petz 19 Cyrus Skies
12%
Miley Cyrus & Her Dead Petz 12 I'm So Drunk
12%
Younger Now 9 Love Someone
12%
Features/Collaborations - Nothing Else Matters (with WATT, Elton John, Yo-Yo Ma, Robert Trujillo & Chad Smith)
12%
Miley Cyrus & Her Dead Petz 18 Evil is but a Shadow
11%
Miley Cyrus & Her Dead Petz 8 Fweaky
11%
Miley Cyrus & Her Dead Petz 11 Slab of Butter (Scorpion) (feat. Sarah Barthel)
11%
Hannah Montana: The Movie 17 What's Not to Like
11%
Features/Collaborations - Ashtrays and Heartbreaks (with Snoop Lion)
10%
Hannah Montana 3 10 Don't Want to Be Torn
10%
Features/Collaborations - Fall Down (with will.i.am)
10%
Features/Collaborations - I Thought I Lost You (with John Travolta)
10%
Singles/Other - Psycho Killer
10%
Miley Cyrus & Her Dead Petz 17 Tiger Dreams (feat. Ariel Pink)
10%
Features/Collaborations - War Is Over (with Mark Ronson & Sean Lennon)
10%
Features/Collaborations - Decisions (with Borgore)
9%
Features/Collaborations - Lucy in the Sky With Diamonds (with The Flaming Lips & Moby)
9%
Singles/Other - Rockin' Around the Christmas Tree
9%
Features/Collaborations - Real and True (with Future & Mr Hudson)
8%
Features/Collaborations - Just Stand Up! (Artists Stand Up to Cancer)
7%
Singles/Other - I Hope You Find It
6%
Features/Collaborations - Teardrop (with Lolawolf)
6%
Features/Collaborations - Come Get It Bae (with Pharrell Williams)
5%
Singles/Other - Don't Let the Sun Go Down on Me
5%
Features/Collaborations - Earth (with Lil Dicky)
5%
Features/Collaborations - Overboard (with Justin Bieber)
5%
Singles/Other - Right Where I Belong
5%
Singles/Other - The B*tch is Back
5%
Features/Collaborations - We a Famly (with The Flaming Lips)
5%
Features/Collaborations - We Are the World (25 for Haiti)
5%
Features/Collaborations - We Belong to the Music (with Timbaland)
5%
Features/Collaborations - You're Gonna Make Me Lonesome When You Go (feat. Johnzo West)
5%
Features/Collaborations - A Day in the Life (with The Flaming Lips & New Fumes)
3%
Features/Collaborations - Androgynous (with Laura Jane Grace & Joan Jett)
3%
Features/Collaborations - Everybody Hurts (Helping Haiti)
3%
Features/Collaborations - Angels Protect This Home (with Billy Ray Cyrus)
2%
Features/Collaborations - Nothing to Lose (with Bret Michaels)
2%
No matching quizzes found
Score Distribution
Percent of People with Each Score
Percentile by Number Answered
Your Score History
You have not taken this quiz since the last reset